Normal view
MARC view
- Datar, Srikant M, Madhav V. Rajan
Entry Personal Name
001 - CONTROL NUMBER
- control field: 5925
003 - CONTROL NUMBER IDENTIFIER
- control field: JO-AjAnu
005 - DATE AND TIME OF LATEST TRANSACTION
- control field: 20230606071249.0
008 - FIXED-LENGTH DATA ELEMENTS
- fixed length control field: 230606|| aca||aabn | a|a d
040 ## - CATALOGING SOURCE
- Original cataloging agency: JO-AjAnu
- Transcribing agency: JO-AjAnu
100 ## - HEADING--PERSONAL NAME
- Personal name: Datar, Srikant M, Madhav V. Rajan
670 ## - SOURCE DATA FOUND
- Source citation: Work cat.: (JO-AjAnu)3071: Datar, Srikant M, Madhav V. Rajan , author, Horngren's Cost Accounting: A Managerial Emphasis